书目信息 |
| 题名: |
日本侵华与中国抗战
|
|
| 作者: | 臧运祜 主编 | |
| 分册: | ||
| 出版信息: | 北京 社会科学文献出版社 2013.01 |
|
| 页数: | 577页 | |
| 开本: | 24cm | |
| 丛书名: | ||
| 单 册: | ||
| 中图分类: | K265.306 , K265.06 | |
| 科图分类: | ||
| 主题词: | 抗日战争--中国--史料 | |
| 电子资源: | ||
| ISBN: | 978-7-5097-3839-9 | |
| 000 | 01100nam0 22002771 450 | |
| 001 | 006489387 | |
| 005 | 20150902093053.53 | |
| 010 | @a978-7-5097-3839-9@dCNY98.00 | |
| 100 | @a20130301d2013 em y0chiy50 ea | |
| 101 | 0 | @achi@ajpn |
| 102 | @aCN@b110000 | |
| 105 | @ay z 000yy | |
| 200 | 1 | @a日本侵华与中国抗战@9ri ben qin hua yu zhong guo kang zhan@d= The war of Japan's aggression and China's resistance@e有关史料及其研究@f臧运祜 … [等] 主编@Fzang yun hu…[deng]zhu bian@zeng |
| 210 | @a北京@c社会科学文献出版社@d2013.01 | |
| 215 | @a577页@d24cm | |
| 300 | @a“中日战争暨抗战大后方史料整理与研究国际学术讨论会”文集 | |
| 304 | @a主编还有:潘洵,周勇,徐勇 | |
| 330 | @a本书主要分为日本侵华和中国抗战两部分,共包含政治外交篇、军事战略篇、社会经济文化篇,国民政府篇和抗战大后方篇五部分内容。 | |
| 510 | 1 | @aWar of Japan's aggression and China's resistance@zeng |
| 606 | 0 | @a抗日战争@y中国@j史料 |
| 607 | @a日本@x侵华@j史料 | |
| 690 | @aK265.306@v5 | |
| 690 | @aK265.06@v5 | |
| 701 | 0 | @a臧运祜@9zang yun hu@f1966-@4主编 |
| 801 | 0 | @c20150902 |
| 905 | @aZZSY@dK265.306@eZ012@f2 | |
| 日本侵华与中国抗战= The war of Japan's aggression and China's resistance:有关史料及其研究/臧运祜 … [等] 主编.-北京:社会科学文献出版社,2013.01 |
| 577页;24cm |
| “中日战争暨抗战大后方史料整理与研究国际学术讨论会”文集 |
| ISBN 978-7-5097-3839-9:CNY98.00 |
| 本书主要分为日本侵华和中国抗战两部分,共包含政治外交篇、军事战略篇、社会经济文化篇,国民政府篇和抗战大后方篇五部分内容。 |
| ● |
| 相关链接 |
|
|
|
正题名:日本侵华与中国抗战
索取号:K265.306/Z012
 
预约/预借
| 序号 | 登录号 | 条形码 | 馆藏地/架位号 | 状态 | 备注 |
| 1 | 1158974 | 211589743 | 社科库309/309社科库 36排7列1层/ [索取号:K265.306/Z012] | 在馆 | |
| 2 | 1158975 | 211589752 | 社科库309/309社科库 36排7列1层/ [索取号:K265.306/Z012] | 在馆 |